| 000 | 00571nam a2200193 a 4500 | ||
|---|---|---|---|
| 005 | 20140412111408.0 | ||
| 008 | 061207s19uu xx 00 eng d | ||
| 020 | _a1-86943-451-x | ||
| 050 |
_aTR(PS E _bTe27 2001 |
||
| 100 | _aBatt, Tanya | ||
| 245 |
_aThe terrible Q./ _cTanya Batt. |
||
| 260 |
_aHong Kong : _bScholastic, _c2001. |
||
| 300 | _a32 | ||
| 520 | _aSam like shopping, but one day mum says they can't go because of the terrible Qwonders sam. | ||
| 650 | _aShopping -fiction | ||
| 650 | _aChildren stories | ||
| 700 | _aPye, Trevor | ||
| 999 |
_c105598 _d105598 |
||